• 首页
  • 本馆介绍
  • 公告通知
  • 最新文献
  • 馆藏检索
  • 电子资源
  • 读者导购
  • 参考咨询
  • 我的图书馆
  • 登录
  • 详细信息显示
  • 放入我的书架
  • 预约/预借图书
  • 作者相关作品
  • 分类相关作品
  • 丛书相关作品
  • 出版社相关作品

书目信息

  • 表格格式
  • 工作单格式
  • 卡片格式
题名:
骊山营火
    
 
作者: 林阿绵 , 高鑫 著
分册:  
出版信息: 北京   北京出版社  1981
页数: 143页
开本: 19cm
丛书名:
单 册:
中图分类: I287.6
科图分类:
主题词: 儿童文学-散文--中国--现代 , 散文-儿童文学--中国--现代
电子资源:
ISBN:
000 00682nam0 2200253 45
001 0181008095
005 20060804150827.82
010    @dCNY0.35
091    @aCN@b10071.338
100    @a19950627d1981 cemy0chiy0121 ea
101 0  @achi
102    @aCN@b110000
105    @af z 000cy
200 10 @a骊山营火@Ali shan ying huo@f林阿绵, 高鑫著
210    @a北京@c北京出版社@d1981
215    @a143页@c插图@d19cm
606    @a儿童文学-散文@y中国@z现代
606    @a散文-儿童文学@y中国@z现代
690    @aI287.6@v3
701  0 @a林阿绵@Alin a mian@4著
701  0 @a高鑫@Agao xin@4著
801  0 @aCN@bTSSF@c20060804
801  2 @aCN@bNLC@c20060724
905    @a10447@dI287.6@e233
    
    骊山营火/林阿绵, 高鑫著.-北京:北京出版社,1981
    143页:插图;19cm
    
    
    ISBN :CNY0.35
    
●
相关链接 在E读中查询图书 在五车中查询图书 在当当中查询图书 在豆瓣中查询图书


正题名:骊山营火     索取号:I287.6/233         预约/预借

序号 登录号 条形码 馆藏地/架位号 状态 备注
1 0427660   204276602   密集书库/ [索取号:I287.6/233] 在馆    
2 0429355   204293558   密集书库/ [索取号:I287.6/233] 在馆    
3 0429356   204293567   密集书库/ [索取号:I287.6/233] 在馆    
唐山师范学院图书馆 欢迎您!
大连网信软件有限公司© 版权所有